000 00219nam a2200097Ia 4500
008 230508s1993 xx 000 0 und d
041 _aeng
100 _aNAGPAL G.R.
245 _aPOWER PLANT ENGINEERING
260 _c1993
999 _c341516
_d341516